| 000 | 01208cam a2200277 4500500 | ||
|---|---|---|---|
| 005 | 20260111093005.0 | ||
| 041 | _afre | ||
| 042 | _adc | ||
| 100 | 1 | 0 |
_aServais, Jacques _eauthor |
| 245 | 0 | 0 | _aVocation et mission : le sacerdoce des chrétiens selon Balthasar |
| 260 | _c2017. | ||
| 500 | _a74 | ||
| 520 | _aIf it is true that the essential purpose of the Spiritual Exercises of Ignatius of Loyola is to make an election (which is what Fr. J. de Guibert affirms and, with him, the majority of French-speaking commentators), it is a fact that, up to now, the matter of this election has scarcely been the object of serious reflection. (...) | ||
| 690 | _achristian vocation | ||
| 690 | _aconsecration | ||
| 690 | _apriesthood | ||
| 690 | _aspiritual exercises | ||
| 690 | _astates of life in the Church | ||
| 690 | _aconsécration | ||
| 690 | _aétats de vie dans l’Église | ||
| 690 | _aexercices spirituels | ||
| 690 | _asacerdoce | ||
| 690 | _avocation chrétienne | ||
| 786 | 0 | _nNouvelle revue théologique | 139 | 4 | 2017-09-04 | p. 647-651 | 0029-4845 | |
| 856 | 4 | 1 | _uhttps://shs.cairn.info/revue-nouvelle-revue-theologique-2017-4-page-647?lang=fr&redirect-ssocas=7080 |
| 999 |
_c1625030 _d1625030 |
||